Bastille songs by first line - Statistics

General Stats
  • This quiz has been taken 714 times
    713 since last reset
  • The average score is 37 of 85
Answer Stats
First line Song % Correct
I was left to my own devices Pompeii
88%
When all of your flaws and all of my flaws Are laid out one by one Flaws
85%
It's a quarter past midnight As we cut through the city Quarter past Midnight
78%
Lethargy got a hold of me Lethargy
74%
Oh, I feel overjoyed When you listen to my words Overjoyed
74%
An act of kindness Is what you show to me An act of Kindness
73%
There's an albatross around your neck Weight of Living part 1
73%
These four walls to keep you Four Walls (The ballad of Perry Smith)
72%
Snakes are biting at my heels Snakes
71%
"Look who's digging their own grave" Icarus
70%
I’m the lesser of two evils Two Evils
70%
Just another brain on the campus Campus
69%
Walking out into the dark, cutting out a different path Laura Palmer
69%
Things we lost to the flames Things we'll never see again Things We Lost in the Fire
67%
This is the winter of our youth Winter of our youth
66%
Four in the morning, we find ourselves here 4AM
65%
A scrub is a guy who thinks he’s fly And is also known as a buster No Angels
64%
These streets are yours, you can keep them I don't want them These Streets
64%
When I watch the world burn All I think about is you Doom Days
62%
Love me, leave me Rhythm of the evening, chasing a good time Bad Decisions
61%
Moving along Daniel in the Den
61%
When you fall asleep with your head upon my shoulder Walk to Oblivion
61%
You go sleep with the fishes Blame
60%
Thought I'd never be waking on the kitchen floor Joy
59%
Rhythm is a dancer; it's a souls companion Of the night
59%
When you fall asleep With your head upon my shoulder Oblivion
58%
All that you desired when you were a child Weight of Living part 2
58%
Shut my eyes and count to ten Good Grief
56%
Deep in a corner of the night Glory
55%
I am bound to you with a tie that we cannot break With a night that we can't replace Another Place
53%
We where young and drinking in the park Bad Blood
53%
Roll up another cigarette The Currents
53%
Tell me a piece of your history That you're proud to call your own The Silence
53%
Boys and girls, wanna hear a true story? What would you do?
53%
Find comfort in a stranger Comfort of Strangers
52%
Let those fools be loud Let alarms ring out The Anchor
52%
I can't fight this feeling any longer Can't fight this feeling
51%
Aim, throw your best shot right at me Power
49%
Staring down the barrel of a hundred tons The Waves
49%
I've got demons running round in my head Send them off
48%
Never good just the bad and the ugly Warmth
48%
Bad news like a sucker punch, what do you say? Bad News
47%
I'll bring you flowers in the pouring rain Flowers
47%
Roll the window down, let the air blow 'round you Divide
44%
You took me to your favourite place Laughter Lines
44%
I breathe in hard Don't speak, 'cause it's like a bitter pill Million Pieces
44%
So her fingers ran away with themselves Oil on Water
43%
Drive around, night time, nowhere to go Fake it
41%
I can feel your eyes in the back of my head Those Nights
40%
So this is where we are It's not where we had wanted to be World gone mad
40%
Hindsight's a wonderful thing Hangin
39%
The animals break out their cages Way Beyond
38%
We were born to be together Torn Apart Part 2
37%
I know it's been a week, I know it's not been long Admit Defeat
33%
Well it fucked me up when I fell for you I shouldn't have let me fall for you When I watch the world burn
33%
We are the last people standing At the end of the night Get Home
32%
As the night time bleeds into the day Grip
32%
Oh Delilah On a summer night, you came for me Good Lessons
30%
There is no love lost here between us Shame
29%
This gonna be a heavy night I know you
28%
Shout-out from the bottom of my lungs The Driver
26%
I could only be myself with you around Torn Apart
25%
Look into my eyes, can't you see they're open wide? Would I lie to you
23%
Now there you go again You say you want your freedom Dreams
22%
You put your arms around me Nocturnal Creatures
21%
Blue jeans, white shirt Walked into the room you know I made your eyes burn Requiem for blue jeans
21%
Long-lost opinions All the words you can't redeem Axe to Grind
20%
He’s throwing his hands up to the sky Final Hour
20%
This is vocal detection Front line in open selection Weapon
20%
I came here for sanctuary Remains
19%
All the things we tell ourselves Easy Days
17%
You abandoned me Love don't live here anymore Love don't live here
17%
You don't have to look any further Bite Down
16%
O holy night! The stars are brightly shining Oh Holy Night
15%
You took my heart and you held it in your mouth Sweet Pompeii
15%
A tornado flew around my room before you came Thinkin Ahead
15%
Tell me how it feels to be on the outside The Descent
14%
You shouted loud But I can't hear a word you say Titanium
13%
What's it gonna be 'cause I can't pretend? Don't let go (love)
12%
What is love? Baby, don't hurt me Adagio for Strings
10%
Greyhound, Megabus, clothes in a plastic bag Basement
9%
All the men come in these places Free
8%
Walking out into the dark Cutting out a different path Falling
6%
I see ahead of me a light that takes my breath Forever ever
4%
So you want to be free Killer
4%
No matching quizzes found
Score Distribution
Percent of People with Each Score
Percentile by Number Answered
Your Score History
You have not taken this quiz since the last reset